The life and letters of Lord Macaulay / (Record no. 22038)
[ view plain ]
| 000 -LEADER | |
|---|---|
| fixed length control field | 01048nam a2200289 a 4500 |
| 001 - CONTROL NUMBER | |
| control field | 22038 |
| 003 - CONTROL NUMBER IDENTIFIER | |
| rucl marc code | BD-RjUL |
| 005 - DATE AND TIME OF LATEST TRANSACTION | |
| control field | 20211209000747.0 |
| 008 - FIXED-LENGTH DATA ELEMENTS--GENERAL INFORMATION | |
| fixed length control field | 140306s1876 enkcf 001 0 eng |
| 035 ## - SYSTEM CONTROL NUMBER | |
| System control number | (BD-RjUL)22103 |
| System control number | (OCoLC)3941616 |
| 040 ## - CATALOGING SOURCE | |
| Original cataloging agency | DLC |
| Transcribing agency | TKN |
| Modifying agency | OCL |
| -- | BD-RjUL |
| Language of cataloging | eng |
| 041 ## - LANGUAGE CODE | |
| Language code of text/sound track or separate title | eng |
| 082 ## - DEWEY DECIMAL CLASSIFICATION NUMBER | |
| Classification number | 824.8 |
| Author mark and year | TRL |
| 100 1# - MAIN ENTRY--PERSONAL NAME | |
| Personal name | Trevelyan, George Otto, |
| Dates associated with a name | 1838-1928. |
| 9 (RLIN) | 68063 |
| 245 14 - TITLE STATEMENT | |
| Title | The life and letters of Lord Macaulay / |
| Statement of responsibility, etc. | by his nephew George Otto Trevelyan ... |
| 260 ## - PUBLICATION, DISTRIBUTION, ETC. (IMPRINT) | |
| Place of publication, distribution, etc. | London : |
| Name of publisher, distributor, etc. | Longmans, Green, and Co, |
| Date of publication, distribution, etc. | 1876. |
| 300 ## - PHYSICAL DESCRIPTION | |
| Pagination | 756 p. : |
| Illustrations | port. ; |
| Size | 23 cm |
| 504 ## - BIBLIOGRAPHY, ETC. NOTE | |
| Bibliography, etc | Includes index. |
| 600 10 - SUBJECT ADDED ENTRY--PERSONAL NAME | |
| Personal name | Macaulay, Thomas Babington Macaulay, |
| Titles and other words associated with a name | Baron, |
| Dates associated with a name | 1800-1859. |
| 650 #0 - SUBJECT ADDED ENTRY--TOPICAL TERM | |
| Topical term or geographic name as entry element | Historians |
| Geographic subdivision | Great Britain |
| Form subdivision | Biography. |
| 9 (RLIN) | 68064 |
| 700 12 - ADDED ENTRY--PERSONAL NAME | |
| Personal name | Macaulay, Thomas Babington Macaulay, |
| Dates associated with a name | 1800-1859. |
| 856 41 - ELECTRONIC LOCATION AND ACCESS | |
| Materials specified | English Faculty Library N52.1[Lif] v.1 |
| Uniform Resource Identifier | <a href="http://purl.ox.ac.uk/uuid/4bfb9f4bde064cc0bd00c8a1a904e7a1">http://purl.ox.ac.uk/uuid/4bfb9f4bde064cc0bd00c8a1a904e7a1</a> |
| 942 ## - ADDED ENTRY ELEMENTS (KOHA) | |
| Source of classification or shelving scheme | Dewey Decimal Classification |
| Koha item type | Books |
| Lost status | Source of classification or shelving scheme | Damaged status | Not for loan | Collection code | Permanent Location | Current Location | Shelving location | Date acquired | Source of acquisition | Cost, normal purchase price | Total Checkouts | Full call number | Date last seen | Copy number | Koha item type |
|---|---|---|---|---|---|---|---|---|---|---|---|---|---|---|---|
| Dewey Decimal Classification | Added to bundle | Fiction | Central Library, University of Rajshahi | Central Library, University of Rajshahi | Reading Room | 10/10/1960 | oRink Language ltd. | 78.00 | 824.8 TRL 1959 | 06/03/2014 | C-1 | Books |